| 000 | 00813nam a22001577a 4500 | ||
|---|---|---|---|
| 003 | OSt | ||
| 005 | 20150914081201.0 | ||
| 008 | 150914b xxu||||| |||| 00| 0 eng d | ||
| 040 | _cRUA | ||
| 082 | _aAGR CHH 1998 B020 Or.1 | ||
| 100 |
_9416 _aCHHAY, KRY. |
||
| 245 | _aការសិក្សាពីប្រសិទ្ធភាពជី អិន.ប៉េ.កា ក្នុងកំរិតផ្សេងគ្នាទៅលើដំណាំសណ្តែកបារាំងក្នុងលក្ខខ័ណ្ឌស្រុកកៀនស្វាយខេត្តកណ្តាល (a field study of the effect of different rates of N.P.K applications on french beani in diensvay district, dandal prvince) | ||
| 260 |
_aPhnom Penh _bRUA _c1998 |
||
| 300 |
_a49p. _bill. _c29cm. |
||
| 942 |
_2ddc _cAGR |
||
| 999 |
_c395 _d395 |
||